[Event "Druga liga CS Istok 2016"]
[Site ""]
[Date "2016.08.28"]
[Round "4.11"]
[White "POPOVIC, Predrag R"]
[Black "MARJANOVIC, Dejan   **"]
[Result "0-1"]
[WhiteElo "2257"]
[BlackElo "2427"]
[PlyCount "0"]
[EventDate "2016.08.26"]

1.d4 Nf6 2.Nc3 d5 3.Qd3 e6 4.Bg5 Be7 5.Nf3 Nbd7 6.Bxf6 Nxf6 7.e4
c6 8.e5 Nd7 9.O-O-O b5 10.Kb1 Qa5 11.Nd2 b4 12.Nb3 Qc7 13.Na4
Nb6 14.Nbc5 O-O 15.f4 Nxa4 16.Nxa4 Bd7 17.Be2 c5 18.Nxc5 Bxc5
19.dxc5 Rfc8 20.Qd4 Qxc5 21.Qxc5 Rxc5 22.Rd2 a5 23.Re1 Kf8 24.Rd4
Ke7 25.g3 Rac8 26.Rd2 h6 27.Bd3 Bb5 28.Bxb5 Rxb5 29.Re3 Rbc5
30.a3 Kd7 31.axb4 axb4 32.Rb3 Rc4 33.Kc1 Re4 34.Rf2 Ra8 35.Kd2
Ra1 36.c3 bxc3+ 37.Rxc3 Ree1 38.Kc2 Rac1+ 39.Kb3 Rxc3+ 40.bxc3
Ke7 41.Kc2 g5 42.Kd2 Re4 43.fxg5 hxg5 44.Re2 Ra4 45.Kd3 Kf8 46.h3
Kg7 47.g4 Rf4 48.Re3 f6 49.exf6+ Kxf6 50.Ke2 e5 51.Rd3 Ke6 52.Rg3
e4 53.Ke3 Ke5 54.Ke2 Rf8 55.Ke3 Rh8 56.Kf2 Kf4 57.Re3 Rb8 58.Re2
Rb3 59.Rc2 e3+ 60.Ke2 Ke4 61.h4 gxh4 62.g5 h3 63.g6 h2 0-1

[Event "Druga liga CS Istok 2016"]
[Site ""]
[Date "2016.08.28"]
[Round "4.12"]
[White "DMITROVIC, Tomislav"]
[Black "BURA, Goran"]
[Result "1/2-1/2"]
[WhiteElo "2258"]
[BlackElo "2214"]
[PlyCount "0"]
[EventDate "2016.08.26"]

1.b3 e5 2.Bb2 Nc6 3.c4 Nf6 4.e3 d6 5.d4 exd4 6.exd4 d5 7.c5 g6
8.Nf3 Bg7 9.Bb5 O-O 10.Bxc6 bxc6 11.O-O Bg4 12.b4 a5 13.a3 axb4
14.axb4 Rxa1 15.Bxa1 Ne4 16.Qb3 Bxf3 17.Qxf3 Qa8 18.Qa3 Rb8 19.f3
Ng5 20.Bc3 Ne6 21.Qb2 Qa4 22.Nd2 Bxd4+ 23.Bxd4 Rxb4 24.Ra1 Rxb2
25.Rxa4 Rxd2 26.Ra8+ Nf8 27.Bf6 Re2 28.g4 h6 29.h4 g5 30.hxg5
hxg5 31.Rc8 Re6 32.Bxg5 Kg7 33.Rxc7 d4 34.Rc8 Re5 35.Bf4 Rd5
36.Rxc6 Ne6 37.Bd2 Nxc5 38.Kf2 Nd3+ 39.Ke2 Ne5 40.Rc8 Kf6 41.Kf2
Ke6 42.Kg3 Kd7 43.Rc2 Rb5 44.Kf4 Nc6 45.Ke4 Re5+ 46.Kd3 Rb5 47.Ke4
Re5+ 1/2-1/2

[Event "Druga liga CS Istok 2016"]
[Site ""]
[Date "2016.08.28"]
[Round "4.13"]
[White "MICKOVIC, Slavisa"]
[Black "ZAFIROVSKI, Mite"]
[Result "1/2-1/2"]
[WhiteElo "2150"]
[BlackElo "2241"]
[PlyCount "0"]
[EventDate "2016.08.26"]

1.d4 Nf6 2.Nf3 e6 3.Bf4 b6 4.e3 Bb7 5.Bd3 Be7 6.h3 c5 7.c3 cxd4
8.exd4 O-O 9.Nbd2 d6 10.Qe2 a6 11.O-O Nbd7 12.a4 Qc7 13.Rfe1
Rfe8 14.Bh2 Bf8 15.Ne4 Nxe4 16.Bxe4 Nf6 17.Bxb7 Qxb7 18.c4 d5
19.b3 Red8 20.Rec1 Rac8 21.Rc2 h6 22.Rac1 Ba3 23.Ra1 Bf8 24.Rac1
Ba3 25.Ra1 1/2-1/2

[Event "Druga liga CS Istok 2016"]
[Site ""]
[Date "2016.08.28"]
[Round "4.14"]
[White "TRIFUNOVIC, Miroljub"]
[Black "NJEGIC, Vladimir"]
[Result "1-0"]
[WhiteElo "2220"]
[BlackElo "2123"]
[PlyCount "0"]
[EventDate "2016.08.26"]

1.d4 Nf6 2.Nf3 e6 3.g3 b6 4.Bg2 Bb7 5.O-O c5 6.c4 Be7 7.d5 exd5
8.Nh4 O-O 9.cxd5 d6 10.Nf5 Re8 11.Nxe7+ Qxe7 12.Nc3 Nbd7 13.a4
Rac8 14.e4 Ba6 15.Re1 Ne5 16.h3 Nd3 17.Re3 c4 18.Re2 Nd7 19.Be3
N7c5 20.f4 Qd7 21.Kh2 f5 22.Bxc5 bxc5 23.exf5 Qxf5 24.Be4 Qf6
25.Qd2 Qd4 26.h4 Rb8 27.Rb1 Red8 28.Kg2 Kh8 29.Bf3 Ne1+ 30.Qxe1 1-0

[Event "Druga liga CS Istok 2016"]
[Site ""]
[Date "2016.08.28"]
[Round "4.16"]
[White "TOSIC, Nebojsa"]
[Black "KOSTIC, Tomislav   *"]
[Result "1-0"]
[WhiteElo "2148"]
[BlackElo "2043"]
[PlyCount "0"]
[EventDate "2016.08.26"]

1.e4 c5 2.c4 Nc6 3.Nc3 g6 4.Nge2 Bg7 5.g3 e6 6.d3 Nge7 7.Be3
Nd4 8.Bg2 O-O 9.O-O h6 10.a3 Rb8 11.Rb1 b6 12.b4 Bb7 13.bxc5
bxc5 14.Bf4 d6 15.Qa4 a6 16.Nxd4 cxd4 17.Ne2 g5 18.Bd2 Bc6 19.Qa5
Qd7 20.f4 gxf4 21.Nxf4 e5 22.Bh3 Qa7 23.Nh5 Rxb1 24.Rxb1 Rb8
25.Rf1 Qb6 26.Nf6+ Kh8 27.Qxb6 Rxb6 28.Bb4 Ng6 29.Bg4 Bf8 30.Bd7
Bg7 31.Ba5 Rb3 32.Bxc6 Rxa3 33.Bb4 Rxd3 34.Bxd6 Bxf6 35.Rxf6
Kg7 36.Rf2 Rc3 37.Bd5 f6 38.c5 d3 39.Rd2 Nf8 40.c6 Nh7 41.h4
Nf8 42.Kf2 a5 1-0

[Event "Druga liga CS Istok 2016"]
[Site ""]
[Date "2016.08.28"]
[Round "4.17"]
[White "KOSTIC, Marko   **"]
[Black "VASIC, Milena   *"]
[Result "0-1"]
[WhiteElo "1987"]
[BlackElo "2112"]
[PlyCount "0"]
[EventDate "2016.08.26"]

1.d4 d5 2.Bf4 Bg4 3.h3 Bh5 4.c3 Nf6 5.Qb3 Qc8 6.Nd2 e6 7.Ngf3
Bd6 8.Ne5 O-O 9.g4 Bg6 10.Nxg6 hxg6 11.Bxd6 cxd6 12.Bg2 Nc6 13.g5
Nh5 14.e3 f5 15.gxf6 gxf6 16.Bf3 Kf7 17.h4 Rh8 18.O-O-O Rb8 19.Rdg1
b5 20.Qc2 Ne7 21.e4 dxe4 22.Bxe4 Nf4 23.Bf3 d5 24.Rg4 Qc7 25.Nb3
b4 26.Nc5 bxc3 27.bxc3 Qd6 28.Qa4 Nc6 29.Kc2 Rhc8 30.Rhg1 Nxd4+
31.Qxd4 e5 32.Rxg6 exd4 33.Rg7+ Ke8 34.Rg8+ Qf8 35.Rxf8+ Kxf8
36.Nd7+ Ke7 37.Nxb8 Rxc3+ 38.Kd2 Rxf3 39.Nc6+ Kd6 40.Nxd4 Rd3+
41.Kc2 Rxd4 42.Rg7 Rc4+ 43.Kb3 Rc7 44.Rg4 Ke5 45.Rg1 d4 46.Re1+
Kf5 47.f3 d3 48.Re4 Rd7 0-1

[Event "Druga liga CS Istok 2016"]
[Site ""]
[Date "2016.08.28"]
[Round "4.18"]
[White "MILOSEVIC, Jovana   **"]
[Black "ZIVANOVIC, Zoran M"]
[Result "1/2-1/2"]
[WhiteElo "2081"]
[BlackElo "2026"]
[PlyCount "0"]
[EventDate "2016.08.26"]

1.Nf3 d5 2.d4 Nf6 3.c4 c6 4.Nc3 e6 5.e3 Bd6 6.Bd3 O-O 7.e4 dxe4
8.Nxe4 Nxe4 9.Bxe4 Bb4+ 10.Bd2 Bxd2+ 11.Qxd2 Nd7 12.O-O c5 13.Rad1
cxd4 14.Qxd4 Qa5 15.Bb1 Qh5 16.Rfe1 e5 17.Nxe5 Nxe5 18.Rxe5 Qh6
19.Be4 Qa6 20.a3 Be6 21.Bd5 Rad8 22.Rde1 Qa5 23.Qe4 Bxd5 24.Rxd5
Rxd5 25.cxd5 Qd8 26.Qe5 Qa5 27.g3 g6 28.d6 Qxe5 29.Rxe5 Rd8 30.Re7
b6 31.Rxa7 Rxd6 32.Rb7 h5 33.h4 Kf8 34.Kg2 Kg7 35.b4 Rd3 36.a4
Ra3 37.Rxb6 Rxa4 38.Kf3 Ra2 39.Rb8 Rb2 40.b5 Kf6 41.Rb6+ Kf5
42.Rb7 Rb3+ 43.Kg2 Kf6 44.b6 Ke6 45.Rb8 Kf6 46.f3 Rb2+ 47.Kf1
Rb3 48.Ke2 Ke6 49.b7 Kf6 50.g4 hxg4 51.fxg4 Rb5 52.h5 gxh5 53.gxh5
Kg7 54.h6+ Kh7 55.Kf3 Rb1 56.Kf4 Rf1+ 57.Ke5 Re1+ 58.Kf6 Rf1+
59.Ke7 Re1+ 60.Kxf7 1/2-1/2

[Event "Druga liga CS Istok 2016"]
[Site ""]
[Date "2016.08.28"]
[Round "4.31"]
[White "PAVLOVIC, Goran"]
[Black "DINIC, Dragan"]
[Result "1-0"]
[WhiteElo "2359"]
[BlackElo "2309"]
[PlyCount "0"]
[EventDate "2016.08.26"]

1.d4 Nf6 2.Nf3 g6 3.c4 Bg7 4.Nc3 d5 5.cxd5 Nxd5 6.e4 Nxc3 7.bxc3
O-O 8.Be3 c5 9.Qd2 Qa5 10.Rb1 cxd4 11.cxd4 Qxd2+ 12.Kxd2 Rd8
13.Bd3 Nc6 14.d5 Na5 15.Ke2 b6 16.Bg5 f6 17.Bd2 Nb7 18.Bb4 Nd6
19.Nd4 Bf8 20.Rhc1 Kh8 21.Rc7 Ne8 22.Bxe7 Nxc7 23.Bxd8 Bg4+ 24.f3
Bxf3+ 25.gxf3 Rxd8 26.Nc6 Ra8 27.a4 Bc5 28.h3 Kg7 29.Rc1 Bd6
30.Nd4 Kh6 31.Rc6 Rd8 32.Ke3 f5 33.Bc4 f4+ 34.Kd3 Kh5 35.Rxc7
Bxc7 36.Ne6 Rd7 37.Nxc7 Rxc7 38.d6 Rd7 39.e5 Kg5 40.Ke4 1-0

[Event "Druga liga CS Istok 2016"]
[Site ""]
[Date "2016.08.28"]
[Round "4.32"]
[White "PAVLOVIC, Dean"]
[Black "DINEV, Dejan"]
[Result "0-1"]
[WhiteElo "2263"]
[BlackElo "2292"]
[PlyCount "0"]
[EventDate "2016.08.26"]

1.c4 Nf6 2.Nc3 e6 3.b3 d5 4.e3 Bd6 5.Nf3 O-O 6.Be2 c6 7.Bb2 Re8
8.d3 Nbd7 9.Qc2 e5 10.Nd2 d4 11.Nce4 Nxe4 12.Nxe4 Bb4+ 13.Kd1
dxe3 14.fxe3 Nc5 15.Ng3 Na6 16.a3 Bc5 17.Qd2 Qg5 18.Bc1 f5 19.Kc2
Be6 20.Bf3 Rad8 21.e4 f4 22.Ne2 Be3 23.Qc3 Bg4 24.Bxe3 Bxf3 25.gxf3
fxe3 26.Rag1 Qf6 27.Rg3 Nc5 28.Rd1 Ne6 29.Qe1 Nd4+ 30.Nxd4 exd4
31.Qe2 b5 32.Rdg1 Rd7 33.Rb1 Rb8 34.Rgg1 Qd6 35.Ra1 bxc4 36.bxc4
Rdb7 37.Rab1 Rxb1 38.Rxb1 Rxb1 39.Kxb1 Qxa3 40.f4 a5 41.e5 a4
42.Qg4 Qxd3+ 43.Ka1 h6 44.Qe6+ Kh7 45.f5 Qf1+ 46.Ka2 Qg2+ 0-1

[Event "Druga liga CS Istok 2016"]
[Site ""]
[Date "2016.08.28"]
[Round "4.33"]
[White "DJOKIC, Nebojsa"]
[Black "DODIC, Dragan"]
[Result "1/2-1/2"]
[WhiteElo "2231"]
[BlackElo "2042"]
[PlyCount "0"]
[EventDate "2016.08.26"]

1.e4 c6 2.d4 d5 3.Nc3 dxe4 4.Nxe4 Nd7 5.Ng5 Ndf6 6.Bc4 e6 7.N1f3
Bd6 8.Qe2 Nd5 9.Ne5 Nh6 10.Ne4 Nf5 11.c3 Bxe5 12.dxe5 h5 13.O-O
Qc7 14.Ng3 Qe7 15.Nxf5 exf5 16.Bxd5 cxd5 17.Qb5+ Qd7 18.Qc5 Qc6
19.Qa3 b6 20.Bg5 Qc5 21.b4 Qc7 22.b5 Be6 23.Rfd1 Qc5 24.Qxc5
bxc5 25.Be3 Rc8 26.a4 Kd7 27.a5 Rc7 28.Rdb1 Rb8 29.h3 f4 30.b6
axb6 31.axb6 Rc6 32.Ra7+ Kc8 33.Bxf4 Rcxb6 34.Rxb6 Rxb6 35.Be3
Rb3 36.Ra5 Rxc3 1/2-1/2

[Event "Druga liga CS Istok 2016"]
[Site ""]
[Date "2016.08.28"]
[Round "4.34"]
[White "PETROVIC, Petar R   **"]
[Black "MADJAR, Stanislav"]
[Result "1/2-1/2"]
[WhiteElo "1958"]
[BlackElo "2189"]
[PlyCount "0"]
[EventDate "2016.08.26"]

1.e4 Nf6 2.e5 Nd5 3.c4 Nb6 4.d4 d6 5.exd6 exd6 6.Nf3 Be7 7.Be2
Bf5 8.Nc3 O-O 9.O-O Nc6 10.Be3 d5 11.c5 Nc4 12.Bc1 Bf6 13.b3
N4a5 14.Be3 b6 15.Na4 Re8 16.Rc1 h6 17.Qd2 Be4 18.Nb2 Re6 19.b4
Nb7 20.Nd3 bxc5 21.dxc5 a5 22.Nf4 Re7 23.b5 Ne5 24.Nh5 Ng4 25.Nxf6+
Nxf6 26.Bd4 Re6 27.a4 Qe7 28.Bd1 c6 29.Re1 Re8 30.h3 Qd8 31.Qc3
Qe7 1/2-1/2

[Event "Druga liga CS Istok 2016"]
[Site ""]
[Date "2016.08.28"]
[Round "4.35"]
[White "ILIC, Aleksandar"]
[Black "VELIKIC, Vule"]
[Result "1-0"]
[WhiteElo "2156"]
[BlackElo "1789"]
[PlyCount "0"]
[EventDate "2016.08.26"]

1.e4 c6 2.c4 d5 3.exd5 cxd5 4.cxd5 Qxd5 5.Nc3 Qd8 6.Bc4 Nf6 7.Nf3
e6 8.d4 Be7 9.O-O O-O 10.Qe2 Nc6 11.Rd1 Qa5 12.Ne5 Nb4 13.Ne4
Nbd5 14.Bd2 Qd8 15.Nxf6+ Bxf6 16.Qe4 a6 17.Rac1 Qd6 18.Bd3 g6
19.h4 Bg7 20.h5 f5 21.Qe2 Ne7 22.Bg5 Bf6 23.Bxf6 Rxf6 24.hxg6
hxg6 25.Qe3 Kg7 26.Be2 Nd5 27.Qg5 Bd7 28.Rd3 Rh8 29.Rh3 Rxh3
30.gxh3 Ne7 31.Rd1 Rf8 32.h4 Be8 33.h5 Rh8 34.Rd3 Rh6 35.Rg3
Qd8 36.Bc4 Nc6 37.Nxc6 Qxg5 38.Rxg5 Kf6 39.f4 Bxc6 40.hxg6 Rxg6
41.Rxg6+ Kxg6 42.Bxe6 Kf6 43.Bg8 a5 44.Kf2 b6 45.Ke3 Ke7 46.Kd3
Kd6 47.b4 Bb5+ 48.Bc4 Bc6 49.bxa5 bxa5 50.a3 Ba4 51.Kc3 Bc6 52.Bd3
Bd7 53.Kc4 Kc6 54.Be2 Be6+ 55.Kc3 Kd6 56.Bc4 Bd7 57.Kb2 Bc6 58.Bg8
Bb5 59.Kc3 Ba6 60.Kd2 Bb5 61.Ke3 Bc6 62.Kf2 Bb5 63.Kg3 Ke7 64.Kh4
Kf6 65.Bd5 Kg6 66.Bb7 Bd7 67.d5 Kf6 68.Bc6 Bc8 69.d6 Be6 70.Kg3
Bc4 71.Kf2 Ke6 72.d7 Ke7 73.Ke3 Be6 74.Kd4 Bxd7 75.Bxd7 Kxd7
76.Ke5 1-0

[Event "Druga liga CS Istok 2016"]
[Site ""]
[Date "2016.08.28"]
[Round "4.36"]
[White "MILUTINOVIC, Bojan"]
[Black "DJUKIC, Slobodan D"]
[Result "0-1"]
[WhiteElo "1779"]
[BlackElo "2151"]
[PlyCount "0"]
[EventDate "2016.08.26"]

1.e4 c5 2.Nf3 Nc6 3.d4 cxd4 4.Nxd4 Nf6 5.Nc3 e5 6.Ndb5 d6 7.Bg5
a6 8.Na3 b5 9.Nd5 Be7 10.Bxf6 Bxf6 11.Bd3 O-O 12.O-O Bg5 13.c4
b4 14.Nc2 a5 15.Nce3 Rb8 16.Rc1 Nd4 17.c5 dxc5 18.Rxc5 Ne6 19.Rb5
Rxb5 20.Bxb5 Nd4 21.Bc4 Kh8 22.Bd3 Be6 23.a3 bxa3 24.bxa3 f5
25.Qh5 f4 26.Nc4 g6 27.Qd1 f3 28.g3 Bxd5 29.exd5 Qxd5 30.h4 Bh6
31.Re1 Bg7 32.Qa4 e4 33.Bxe4 Ne2+ 0-1

[Event "Druga liga CS Istok 2016"]
[Site ""]
[Date "2016.08.28"]
[Round "4.37"]
[White "MARINKOVIC, Marjan   **"]
[Black "MARJANOVIC, Toplica"]
[Result "1-0"]
[WhiteElo "1583"]
[BlackElo "1702"]
[PlyCount "0"]
[EventDate "2016.08.26"]

1.e4 d5 2.exd5 Qxd5 3.Nc3 Qa5 4.Nf3 e6 5.a3 c6 6.Be2 Nf6 7.O-O
Be7 8.d3 O-O 9.Bd2 Qb6 10.Rb1 a5 11.Ne4 Nbd7 12.Be3 Qd8 13.h3
b6 14.Nfd2 b5 15.Nxf6+ Nxf6 16.Ne4 Qc7 17.Bc5 Nxe4 18.Bxe7 Nxf2
19.Rxf2 Qxe7 20.Qd2 Qc5 21.d4 Qb6 22.c3 Bb7 23.Qf4 Rac8 24.Kh1
Qc7 25.Qe3 Rce8 26.Bf3 e5 27.Qd3 exd4 28.Qxd4 c5 29.Qd2 Bc8 30.Be2
Qc6 31.Bf3 Qc7 32.Be2 c4 33.Qd5 Qd7 34.Bf3 Rd8 35.Rd1 Qa7 36.Qxd8
Qxf2 37.Qxa5 Bxh3 38.Qxb5 Be6 39.a4 h6 40.a5 Qa7 41.Qb6 Qxb6
42.axb6 Rb8 1-0

[Event "Druga liga CS Istok 2016"]
[Site ""]
[Date "2016.08.28"]
[Round "5.31"]
[White "MARJANOVIC, Dejan   **"]
[Black "RADOSAVLJEVIC, Slobodan D"]
[Result "1-0"]
[WhiteElo "2427"]
[BlackElo "2195"]
[PlyCount "0"]
[EventDate "2016.08.26"]

1.d4 c5 2.d5 Nf6 3.c4 g6 4.Nc3 Bg7 5.e4 d6 6.Nf3 O-O 7.h3 e6
8.Bd3 exd5 9.exd5 Re8+ 10.Be3 Na6 11.O-O Nc7 12.Qd2 b5 13.cxb5
Ncxd5 14.Nxd5 Nxd5 15.Bg5 Nf6 16.Rfe1 Bb7 17.Qf4 Rxe1+ 18.Rxe1
Nd5 19.Qd2 Nf6 20.Qf4 Nd5 21.Qd2 Nf6 22.a4 Qd7 23.Qd1 h6 24.Bd2
Re8 25.Rxe8+ Qxe8 26.b4 Qe6 27.bxc5 dxc5 28.Bf1 Ne4 29.Be3 Bd5
30.Qc1 c4 31.Bxa7 Nc3 32.Bd4 Ne2+ 33.Bxe2 Qxe2 34.Bxg7 Kxg7 35.Qc3+
f6 36.Qd4 Bxf3 37.gxf3 Qe1+ 38.Kg2 c3 39.Qd7+ Kf8 40.b6 Qd2 41.Qc8+
Ke7 42.Qc7+ Ke6 43.b7 c2 44.b8Q c1Q 45.Qbc8+ 1-0

[Event "Druga liga CS Istok 2016"]
[Site ""]
[Date "2016.08.28"]
[Round "5.33"]
[White "ZAFIROVSKI, Mite"]
[Black "BLAGOJEVIC, Vladan"]
[Result "1-0"]
[WhiteElo "2241"]
[BlackElo "2112"]
[PlyCount "0"]
[EventDate "2016.08.26"]

1.d4 Nf6 2.c4 g6 3.g3 Bg7 4.Bg2 c5 5.d5 d6 6.Nc3 O-O 7.Nf3 Nbd7
8.O-O Nb6 9.Nd2 Ng4 10.Qc2 h6 11.b3 Rb8 12.Bb2 e5 13.dxe6 Bxe6
14.Rad1 Qe7 15.Nde4 Rbd8 16.Nb5 Nc8 17.Bxg7 Kxg7 18.Qb2+ f6 19.Nbc3
Nb6 20.Qa3 f5 21.Nd2 Nc8 22.e3 h5 23.Nf3 Ne5 24.Qb2 Kh6 25.Qd2
g5 26.Ne1 Nb6 27.f4 Nf7 28.Nc2 g4 29.e4 Nh8 30.Ne3 Kg7 31.exf5
Bxf5 32.Nxf5+ Rxf5 33.Rfe1 Qd7 34.Ne4 Nf7 35.Qc3+ Kf8 1-0

[Event "Druga liga CS Istok 2016"]
[Site ""]
[Date "2016.08.28"]
[Round "5.34"]
[White "JOVANOVIC, Darko"]
[Black "TRIFUNOVIC, Miroljub"]
[Result "0-1"]
[WhiteElo "1941"]
[BlackElo "2220"]
[PlyCount "0"]
[EventDate "2016.08.26"]

1.d4 Nf6 2.c4 e6 3.Nc3 Bb4 4.Qc2 c5 5.dxc5 Na6 6.a3 Bxc5 7.Nf3
d5 8.b4 Be7 9.c5 O-O 10.e3 Nb8 11.Bb2 a5 12.Ne5 axb4 13.axb4
Rxa1+ 14.Bxa1 b6 15.Na4 bxc5 16.Nxc5 Qb6 17.Bc3 Bxc5 18.bxc5
Qxc5 19.Bd3 Ba6 20.Bd4 Qxc2 21.Bxc2 Rc8 22.Kd2 Ne4+ 23.Bxe4 dxe4
24.f4 f6 25.Ng4 Rd8 26.Rc1 h5 0-1

[Event "Druga liga CS Istok 2016"]
[Site ""]
[Date "2016.08.28"]
[Round "5.35"]
[White "MAKSIMOVIC, Boban"]
[Black "PETROVIC, Dragoslav"]
[Result "1-0"]
[WhiteElo "2219"]
[BlackElo "2029"]
[PlyCount "0"]
[EventDate "2016.08.26"]

1.c4 c5 2.Nc3 Nf6 3.g3 Nc6 4.Bg2 g6 5.e3 e5 6.Nge2 Bg7 7.d4 exd4
8.exd4 cxd4 9.Nxd4 Nxd4 10.Qxd4 O-O 11.O-O Ne8 12.Qd3 Nc7 13.Bf4
Ne6 14.Bd6 Re8 15.Rad1 Bf8 16.Bxf8 Rxf8 17.Ne4 f6 18.Nd6 Qc7
19.Nxc8 Raxc8 20.Qxd7 Qxd7 21.Rxd7 Nc5 22.Re7 Rfe8 23.Rfe1 Rxe7
24.Rxe7 Rb8 25.b4 Nd3 26.Rxb7 Rxb7 27.Bxb7 Nxb4 28.c5 Kf7 29.a3
a5 30.axb4 axb4 31.Kf1 Ke6 32.Ke2 1-0